000
00311nam a2200133Ia 4500
008
200615s9999||||xx |||||||||||||| ||und||
082
_a
650
_b
FUN-G
100
_a
GUPTA,SC
245
0
_a
FUNDAMENTAL OF STATISTICS
250
_a
7TH
260
_a
New Delhi
_b
HIMALAYA PUB HOUSE
_c
2018
300
_a
0
942
_c
BK
999
_c
27026
_d
27026